[Event "33. Torneo Internacional La Roda "]
[Site "La Roda ESP"]
[Date "2006.04.14"]
[Round "5.18"]
[White "Sanchez Raboso, Vicente"]
[Black "Pogorelov, Ruslan"]
[Result "0-1"]
[WhiteElo "2106"]
[BlackElo "2385"]
[PlyCount "83"]
[EventDate "2006.04.12"]
[EventType "swiss"]
[EventRounds "9"]
[EventCountry "ESP"]
[Source "lmi"]
[SourceDate "2006.04.15"]

1. e4 c5 2. Nf3 Nc6 3. Nc3 g6 4. d4 cxd4 5. Nxd4 Bg7 6. Be3 Nf6 7. Be2 O-O 8.
Nb3 Rb8 9. O-O b5 10. e5 Nxe5 11. Nxb5 a6 12. N5d4 Qc7 13. Nf3 Nfg4 14. Nfd4
Nxe3 15. fxe3 Nc4 16. Bxc4 Qxc4 17. Rf2 Qc7 18. Rb1 Bb7 19. Qe2 e5 20. Nf3 d5
21. e4 d4 22. c3 dxc3 23. bxc3 a5 24. Rc1 a4 25. Nbd2 Qc5 26. Kh1 Ba6 27. c4
Rb2 28. Qf1 Bh6 29. h4 Rxa2 30. Ng5 Bxg5 31. hxg5 Qe3 32. Re1 Qxg5 33. Ree2 a3
34. Kg1 Qe7 35. Re3 Qc5 36. Qe1 Rb2 37. Ref3 a2 38. Kh2 Qa5 39. Qf1 a1=Q 40.
Qd3 Rxd2 41. Rxd2 Qd4 42. Qe2 0-1

[Event "33. Torneo Internacional La Roda "]
[Site "La Roda ESP"]
[Date "2006.04.14"]
[Round "5.19"]
[White "Gonzalez Aguirre, Luis"]
[Black "Camarena Gimenez, Rufino"]
[Result "1-0"]
[WhiteElo "2172"]
[BlackElo "2342"]
[PlyCount "79"]
[EventDate "2006.04.12"]
[EventType "swiss"]
[EventRounds "9"]
[EventCountry "ESP"]
[Source "lmi"]
[SourceDate "2006.04.15"]

1. d4 Nf6 2. Nf3 c5 3. c3 g6 4. Bf4 Bg7 5. e3 O-O 6. h3 d6 7. Nbd2 cxd4 8. exd4
Nc6 9. Be2 Nd5 10. Bh2 e5 11. dxe5 dxe5 12. O-O f5 13. Nb3 Kh8 14. Bc4 Nb6 15.
Qxd8 Rxd8 16. Bb5 e4 17. Bxc6 bxc6 18. Ne5 Rd5 19. Nxc6 Na4 20. Rad1 Be6 21.
Nbd4 Bf7 22. c4 Rd7 23. b3 Nc3 24. Rd2 Kg8 25. Re1 Bxd4 26. Rxd4 Rxd4 27. Nxd4
Nxa2 28. Nc6 Be8 29. Ne7+ Kf7 30. Nd5 Bc6 31. Ra1 Bxd5 32. Rxa2 Bb7 33. Kf1 g5
34. Be5 a6 35. Ra5 Rd8 36. Bc7 Rd3 37. Rxf5+ Kg6 38. Rf8 Rxb3 39. Rb8 Bd5 40.
cxd5 1-0

[Event "33. Torneo Internacional La Roda "]
[Site "La Roda ESP"]
[Date "2006.04.14"]
[Round "5.20"]
[White "Clement Gomez, Jose A"]
[Black "Vaya Gomez, Alejandro"]
[Result "1-0"]
[WhiteElo "2339"]
[BlackElo "2167"]
[PlyCount "87"]
[EventDate "2006.04.12"]
[EventType "swiss"]
[EventRounds "9"]
[EventCountry "ESP"]
[Source "lmi"]
[SourceDate "2006.04.15"]

1. c4 g6 2. Nc3 Bg7 3. g3 c5 4. Bg2 Nc6 5. e3 d6 6. Nge2 e5 7. O-O Nge7 8. a3
O-O 9. Nd5 Be6 10. h3 f5 11. d3 Qd7 12. Kh2 Rab8 13. Nec3 Kh8 14. Rb1 Bxd5 15.
cxd5 Nd8 16. a4 Nf7 17. f4 b6 18. Bd2 Rfc8 19. b3 a6 20. Qe2 b5 21. axb5 axb5
22. Rfc1 Rc7 23. Rc2 Rbc8 24. Ra2 Rb8 25. Ra5 Rcb7 26. Be1 Qc7 27. Qa2 exf4 28.
gxf4 Ng8 29. Ne2 Qe7 30. Bd2 Nf6 31. Ng3 Qc7 32. Bc1 Re8 33. Nf1 h6 34. Bb2 g5
35. Qa1 Qe7 36. Ng3 Qxe3 37. Bxf6 Qxf4 38. Bxg7+ Kg8 39. Ra8 Rbe7 40. Bf6 Re3
41. Rxe8+ Rxe8 42. Rf1 Qd2 43. Rxf5 Qxd3 44. Qa7 1-0

[Event "33. Torneo Internacional La Roda "]
[Site "La Roda ESP"]
[Date "2006.04.15"]
[Round "6.1"]
[White "Castellanos, Renier"]
[Black "Cicak, Slavko"]
[Result "1/2-1/2"]
[WhiteElo "2467"]
[BlackElo "2506"]
[PlyCount "139"]
[EventDate "2006.04.12"]
[EventType "swiss"]
[EventRounds "9"]
[EventCountry "ESP"]
[Source "lmi"]
[SourceDate "2006.04.15"]

1. e4 d5 2. exd5 Qxd5 3. Nf3 Bg4 4. Be2 c6 5. d4 e6 6. O-O Nf6 7. h3 Bh5 8. c4
Qd8 9. Nc3 Bd6 10. Qb3 Qc7 11. Rd1 Nbd7 12. Be3 O-O 13. Rac1 a6 14. c5 Be7 15.
Qc2 Rfe8 16. b4 Bf8 17. a4 Nd5 18. Nxd5 exd5 19. b5 axb5 20. axb5 Bxf3 21. Bxf3
g6 22. Ra1 Bg7 23. Ra4 Nf8 24. Qa2 Qc8 25. Ra7 Ne6 26. g3 Qb8 27. Rxa8 Qxa8 28.
Qc2 Qa5 29. bxc6 bxc6 30. h4 Rb8 31. h5 Rb4 32. Qc3 Nxd4 33. Bxd4 Bxd4 34. Qe1
Qxc5 35. Qe8+ Kg7 36. h6+ Kf6 37. Kg2 Bc3 38. Qd8+ Ke6 39. Qe8+ Kf6 40. Qd8+
Ke5 41. Qc7+ Qd6 42. Qxf7 Rb8 43. Bxd5 cxd5 44. Qg7+ Kf5 45. Qxc3 Rd8 46. Rd4
Ke6 47. Rd3 d4 48. Qe1+ Qe5 49. Qd1 Qe4+ 50. Kg1 Rd5 51. Qb3 Kf6 52. Qc4 Kg5
53. Qc1+ Kf5 54. Qc8+ Kg5 55. Qc1+ Kh5 56. Qd2 g5 57. Qd1+ Kxh6 58. Rb3 Rd6 59.
Re3 dxe3 60. Qxd6+ Kh5 61. fxe3 Kg4 62. Kh2 Qc2+ 63. Kg1 Qe2 64. Qe5 h5 65. e4
Qe3+ 66. Kg2 Qf3+ 67. Kh2 Qf2+ 68. Kh1 Qxg3 69. Qf5+ Kh4 70. e5 1/2-1/2

[Event "33. Torneo Internacional La Roda "]
[Site "La Roda ESP"]
[Date "2006.04.15"]
[Round "6.2"]
[White "Mirzoev, Azer"]
[Black "Velicka, Petr"]
[Result "0-1"]
[WhiteElo "2532"]
[BlackElo "2456"]
[PlyCount "86"]
[EventDate "2006.04.12"]
[EventType "swiss"]
[EventRounds "9"]
[EventCountry "ESP"]
[Source "lmi"]
[SourceDate "2006.04.15"]

1. d4 d5 2. c4 dxc4 3. e3 Nf6 4. Bxc4 a6 5. Nf3 c5 6. O-O Nc6 7. Ne5 Nxe5 8.
dxe5 Qxd1 9. Rxd1 Nd7 10. f4 e6 11. a4 b6 12. Na3 Bb7 13. Be2 Bd5 14. Nc4 Be7
15. Bd2 O-O 16. Bc3 Rfd8 17. Bf3 Bxf3 18. gxf3 Rab8 19. e4 Nf8 20. Rxd8 Bxd8
21. f5 Bc7 22. Kf2 g6 23. f4 Rd8 24. Ne3 Nd7 25. h4 h5 26. Ke2 b5 27. axb5 axb5
28. Ra7 Rc8 29. Rb7 b4 30. Be1 Nb6 31. Bf2 Bd8 32. fxe6 fxe6 33. f5 gxf5 34.
exf5 c4 35. fxe6 c3 36. bxc3 bxc3 37. Nc2 Nd5 38. Kf3 Nc7 39. Rb6 Nd5 40. Rd6
Ne7 41. Ke4 Ng6 42. Rd7 Bxh4 43. Bxh4 Nxh4 0-1

[Event "33. Torneo Internacional La Roda "]
[Site "La Roda ESP"]
[Date "2006.04.15"]
[Round "6.3"]
[White "Mateo, Ramon"]
[Black "Suba, Mihai"]
[Result "0-1"]
[WhiteElo "2403"]
[BlackElo "2527"]
[PlyCount "100"]
[EventDate "2006.04.12"]
[EventType "swiss"]
[EventRounds "9"]
[EventCountry "ESP"]
[Source "lmi"]
[SourceDate "2006.04.15"]

1. d4 Nf6 2. Nf3 e6 3. Bg5 h6 4. Bh4 Bd6 5. Bg3 Bxg3 6. hxg3 c5 7. c3 Qb6 8.
Qb3 Nc6 9. e3 d5 10. Nbd2 Bd7 11. Be2 O-O 12. Rh4 Rfc8 13. g4 Be8 14. g5 hxg5
15. Nxg5 e5 16. dxe5 Nxe5 17. Ndf3 Ng6 18. Rh1 Qxb3 19. axb3 a5 20. Bd3 Nf8 21.
Rh4 b5 22. Ne5 g6 23. Ke2 Kg7 24. g4 c4 25. Bc2 cxb3 26. Bxb3 a4 27. Bc2 a3 28.
Kd2 axb2 29. Rxa8 Rxa8 30. Rh1 N8d7 31. Nxd7 Nxd7 32. Rb1 Ne5 33. Bb3 Nxg4 34.
f3 Nf6 35. Rxb2 Ra1 36. Bd1 Bd7 37. e4 dxe4 38. fxe4 Nh5 39. Be2 Rg1 40. Nf3
Rg2 41. Ne1 Rh2 42. Nf3 Rh3 43. Ne5 Ng3 44. Nxd7 Nxe2 45. Rxb5 Nxc3 46. Rb4 f6
47. Nc5 Na2 48. Rb1 g5 49. Nd3 Rh2+ 50. Ke3 Nc3 0-1

[Event "33. Torneo Internacional La Roda "]
[Site "La Roda ESP"]
[Date "2006.04.15"]
[Round "6.4"]
[White "Larios, Manuel"]
[Black "Lazarev, Vladimir"]
[Result "0-1"]
[WhiteElo "2137"]
[BlackElo "2497"]
[PlyCount "76"]
[EventDate "2006.04.12"]
[EventType "swiss"]
[EventRounds "9"]
[EventCountry "ESP"]
[Source "lmi"]
[SourceDate "2006.04.15"]

1. Nf3 c5 2. g3 g6 3. Bg2 Bg7 4. c4 Nc6 5. Nc3 d6 6. O-O e5 7. b3 Nge7 8. Bb2
O-O 9. Rc1 a6 10. e3 f5 11. Ng5 h6 12. Nh3 g5 13. f4 exf4 14. gxf4 g4 15. Nf2
Ng6 16. Qc2 Nh4 17. Bd5+ Kh8 18. Ne2 Qe8 19. Bxg7+ Kxg7 20. Qb2+ Kh7 21. Nc3
Ne7 22. Nh1 Nxd5 23. Nxd5 Qf7 24. Ng3 Be6 25. Nb6 Rae8 26. d4 Nf3+ 27. Kh1 cxd4
28. exd4 Qc7 29. Na4 Qg7 30. Rfd1 b5 31. Nc3 bxc4 32. d5 Bd7 33. bxc4 Re3 34.
Qb4 Qe7 35. Qb1 Nxh2 36. Re1 Nf3 37. Rxe3 Qxe3 38. Qb7 Qxc1+ 0-1

[Event "33. Torneo Internacional La Roda "]
[Site "La Roda ESP"]
[Date "2006.04.15"]
[Round "6.5"]
[White "Bertona, Fernando"]
[Black "Torres Sanchez, Jose"]
[Result "1/2-1/2"]
[WhiteElo "2432"]
[BlackElo "2295"]
[PlyCount "140"]
[EventDate "2006.04.12"]
[EventType "swiss"]
[EventRounds "9"]
[EventCountry "ESP"]
[Source "lmi"]
[SourceDate "2006.04.15"]

1. d4 d5 2. Nf3 Nf6 3. Bg5 e6 4. e3 c5 5. Nbd2 Nc6 6. c3 Bd6 7. Bd3 cxd4 8.
exd4 O-O 9. O-O e5 10. dxe5 Nxe5 11. Nxe5 Bxe5 12. Nf3 Bc7 13. Bc2 Bg4 14. Qd3
Bxf3 15. Qxf3 Qd6 16. g3 h6 17. Be3 Rfe8 18. Rad1 Bb6 19. Bd4 Bxd4 20. Rxd4 Re5
21. Rfd1 Rae8 22. Bb3 Qe6 23. Bxd5 Qh3 24. Rf1 Re2 25. Rh4 Qd7 26. Bxb7 R8e6
27. Rd4 Qc7 28. b4 Rxa2 29. Bd5 Nxd5 30. Rxd5 Rf6 31. Qd3 g6 32. Rc5 Qe7 33.
Qd4 Qd6 34. Rd5 Qb6 35. Rc5 Qd6 36. Qe3 Kh7 37. Rc8 Re6 38. Qf3 Qe7 39. Kg2 h5
40. h4 Re5 41. Rc4 Ree2 42. Rf4 Kg7 43. b5 Rab2 44. c4 Rbc2 45. Kg1 Qe6 46. c5
Rxc5 47. Rxf7+ Qxf7 48. Qxe2 Qb7 49. Rb1 Rf5 50. Rb3 Kh7 51. Qe8 Qf7 52. Qxf7+
Rxf7 53. Kf1 Rb7 54. Ke2 Rb6 55. Kd3 a6 56. Kc4 axb5+ 57. Rxb5 Rf6 58. Rb7+ Kg8
59. Rb2 Rf3 60. Kd4 Kf7 61. Ke4 Ra3 62. Rb7+ Kf6 63. Rb6+ Kg7 64. Rd6 Ra2 65.
f3 Ra3 66. Rd4 Rb3 67. Kf4 Ra3 68. Rb4 Ra5 69. Re4 Rf5+ 70. Ke3 Ra5 1/2-1/2

[Event "33. Torneo Internacional La Roda "]
[Site "La Roda ESP"]
[Date "2006.04.15"]
[Round "6.6"]
[White "Krivoshey, Sergei"]
[Black "Longa, Javier"]
[Result "1/2-1/2"]
[WhiteElo "2531"]
[BlackElo "2327"]
[PlyCount "35"]
[EventDate "2006.04.12"]
[EventType "swiss"]
[EventRounds "9"]
[EventCountry "ESP"]
[Source "lmi"]
[SourceDate "2006.04.15"]

1. Nf3 d5 2. d4 Nf6 3. c4 c6 4. e3 g6 5. Nc3 Bg7 6. b4 O-O 7. Qb3 Bg4 8. Bb2
Bxf3 9. gxf3 e6 10. Be2 Nbd7 11. f4 a5 12. a3 dxc4 13. Qxc4 Nb6 14. Qb3 axb4
15. axb4 Rxa1+ 16. Bxa1 Nbd5 17. O-O b5 18. Rc1 1/2-1/2

[Event "33. Torneo Internacional La Roda "]
[Site "La Roda ESP"]
[Date "2006.04.15"]
[Round "6.7"]
[White "Franco, Zenon"]
[Black "Almagro Mazariegos, Sebastian"]
[Result "1-0"]
[WhiteElo "2530"]
[BlackElo "2311"]
[PlyCount "96"]
[EventDate "2006.04.12"]
[EventType "swiss"]
[EventRounds "9"]
[EventCountry "ESP"]
[Source "lmi"]
[SourceDate "2006.04.15"]

1. c4 Nf6 2. Nc3 e6 3. e4 d5 4. e5 d4 5. exf6 dxc3 6. bxc3 Qxf6 7. Nf3 b6 8. d4
Bb7 9. Be2 Bd6 10. Bg5 Qf5 11. O-O O-O 12. Re1 Nd7 13. Qd2 h6 14. Be3 Rad8 15.
Rad1 e5 16. h3 e4 17. Nh2 Qg6 18. Bf1 f5 19. Bf4 Bxf4 20. Qxf4 Qd6 21. Qc1 f4
22. c5 bxc5 23. Qc2 Kh8 24. d5 Nf6 25. c4 Bc8 26. Rxe4 Nxe4 27. Qxe4 Bf5 28.
Qf3 Rde8 29. Qa3 Be4 30. Nf3 Rf6 31. Re1 Rff8 32. Nd2 Bg6 33. Rc1 Re7 34. Nb3
Rfe8 35. Nxc5 Re1 36. Rxe1 Rxe1 37. Qxa7 Qe5 38. Ne6 h5 39. Qa8+ Kh7 40. Nf8+
Kh6 41. Nxg6 Kxg6 42. Qa6+ Kh7 43. c5 Qxd5 44. Kh2 g6 45. Bd3 Re6 46. Qc8 Re7
47. Qf8 Qxc5 48. Bc4 Rg7 1-0

[Event "33. Torneo Internacional La Roda "]
[Site "La Roda ESP"]
[Date "2006.04.15"]
[Round "6.8"]
[White "Saldaño, Horacio"]
[Black "Hernandez, Ivan"]
[Result "1-0"]
[WhiteElo "2440"]
[BlackElo "2291"]
[PlyCount "87"]
[EventDate "2006.04.12"]
[EventType "swiss"]
[EventRounds "9"]
[EventCountry "ESP"]
[Source "lmi"]
[SourceDate "2006.04.15"]

1. e4 e6 2. d4 d5 3. Nc3 Nf6 4. Bg5 Bb4 5. e5 h6 6. Bd2 Bxc3 7. bxc3 Ne4 8. Qg4
g6 9. Qf4 c5 10. Bd3 Nxd2 11. Qxd2 Qa5 12. dxc5 Nd7 13. Nf3 Nxc5 14. O-O Bd7
15. Nd4 Rc8 16. Nb3 Qc7 17. Nxc5 Qxc5 18. Rab1 b6 19. Qf4 Qxc3 20. Qf6 Rf8 21.
Qf4 Rh8 22. Rfe1 Qc5 23. Re3 Bc6 24. Rf3 Rf8 25. Qg3 Kd7 26. Rf6 Qe7 27. Qf4 h5
28. a4 Rb8 29. a5 Kc7 30. axb6+ axb6 31. h4 Ra8 32. Qg5 Qc5 33. Qf4 Qe7 34. Rb4
Rad8 35. Rd4 Kb8 36. Qg5 Qc5 37. Rdf4 Rd7 38. Bxg6 Rg8 39. Rxf7 Rxf7 40. Rxf7
d4 41. Qf6 d3 42. cxd3 Qd5 43. Be4 Rxg2+ 44. Kxg2 1-0

[Event "33. Torneo Internacional La Roda "]
[Site "La Roda ESP"]
[Date "2006.04.15"]
[Round "6.9"]
[White "Minzer, Claudio Javier"]
[Black "Valmaña Canto, Jaime"]
[Result "1-0"]
[WhiteElo "2432"]
[BlackElo "2287"]
[PlyCount "67"]
[EventDate "2006.04.12"]
[EventType "swiss"]
[EventRounds "9"]
[EventCountry "ESP"]
[Source "lmi"]
[SourceDate "2006.04.15"]

1. d4 Nf6 2. c4 g6 3. Nc3 Bg7 4. e4 d6 5. Bd3 O-O 6. Nge2 c5 7. d5 e6 8. h3
exd5 9. cxd5 Na6 10. O-O Re8 11. Ng3 h5 12. Bg5 Qb6 13. Qd2 Nh7 14. Be3 Qc7 15.
a4 Bd7 16. Rfc1 c4 17. Bc2 Nc5 18. Bd4 b5 19. Bxg7 Kxg7 20. Qd4+ f6 21. f4 h4
22. Nge2 Kg8 23. Qf2 g5 24. e5 dxe5 25. fxg5 fxg5 26. Bxh7+ Kxh7 27. Qf7+ Kh8
28. Qh5+ Kg7 29. Qxg5+ Kh7 30. Rf1 Rf8 31. Qxh4+ Kg8 32. Qg5+ Kh7 33. Qe7+ Kg8
34. d6 1-0

[Event "33. Torneo Internacional La Roda "]
[Site "La Roda ESP"]
[Date "2006.04.15"]
[Round "6.10"]
[White "Zambrana, Oswaldo"]
[Black "Huerga Leache, Mikel"]
[Result "1/2-1/2"]
[WhiteElo "2425"]
[BlackElo "2266"]
[PlyCount "132"]
[EventDate "2006.04.12"]
[EventType "swiss"]
[EventRounds "9"]
[EventCountry "ESP"]
[Source "lmi"]
[SourceDate "2006.04.15"]

1. e4 e6 2. d4 d5 3. Nd2 Nf6 4. e5 Nfd7 5. Bd3 c5 6. c3 Nc6 7. Ne2 cxd4 8. cxd4
f6 9. exf6 Nxf6 10. Nf3 Bd6 11. O-O O-O 12. Bg5 Bd7 13. Rc1 Be8 14. Ng3 Qb6 15.
Qd2 h6 16. Be3 Ng4 17. Bb1 Rf6 18. Nh4 Ne7 19. b3 a5 20. Qd1 Nxe3 21. fxe3
Rxf1+ 22. Qxf1 Ba3 23. Rd1 Rc8 24. Qd3 g6 25. Qe2 Rc1 26. Rxc1 Bxc1 27. Nf1 Kg7
28. Nf3 Bb5 29. Qc2 Qc6 30. N1d2 a4 31. bxa4 Bxa4 32. Qxc6 Nxc6 33. Kf2 g5 34.
Nf1 Kf6 35. Ng3 Ba3 36. Nh5+ Kf7 37. h4 gxh4 38. Nxh4 Ne7 39. Nf4 Bd6 40. Nf3
Bd1 41. g4 Bxf4 42. exf4 Nc6 43. g5 Bxf3 44. Kxf3 hxg5 45. fxg5 Nxd4+ 46. Kf4
Nc6 47. a3 Na5 48. Ba2 Nc4 49. a4 b6 50. Bb3 Na5 51. Bc2 Nc6 52. Bd3 Na5 53.
Ke5 Nc4+ 54. Kd4 Nd6 55. Bb1 Ke7 56. Ba2 Nf5+ 57. Ke5 Ng7 58. Bb3 Ne8 59. Ba2
Nd6 60. Kd4 Nb7 61. Bxd5 exd5 62. Kxd5 Na5 63. g6 Kf6 64. Kd6 Kxg6 65. Kc7 Nc4
66. Kc6 Kf6 1/2-1/2

[Event "33. Torneo Internacional La Roda "]
[Site "La Roda ESP"]
[Date "2006.04.15"]
[Round "6.11"]
[White "Romon Poves, Raul"]
[Black "Campos, Luis Maria"]
[Result "0-1"]
[WhiteElo "2226"]
[BlackElo "2420"]
[PlyCount "74"]
[EventDate "2006.04.12"]
[EventType "swiss"]
[EventRounds "9"]
[EventCountry "ESP"]
[Source "lmi"]
[SourceDate "2006.04.15"]

1. d4 d5 2. c4 dxc4 3. Nf3 c5 4. e3 cxd4 5. Bxc4 Qc7 6. Qb3 e6 7. exd4 a6 8.
O-O Nc6 9. Be2 Nf6 10. Nc3 Be7 11. Bg5 O-O 12. Rac1 Ng4 13. Ne4 Bxg5 14. Nexg5
h6 15. Ne4 Qf4 16. Qd3 Nb4 17. Qb1 Nd5 18. g3 Qb8 19. h3 Ngf6 20. Ne5 Nd7 21.
f4 Ne3 22. Rf3 Nf5 23. Qd3 Qa7 24. Rd1 Rd8 25. Nxf7 Kxf7 26. g4 Nc5 27. dxc5
Rxd3 28. Rfxd3 Qb8 29. gxf5 Qxf4 30. fxe6+ Ke7 31. Rd4 Qe3+ 32. Kf1 Bxe6 33.
R1d3 Rf8+ 34. Ke1 Qc1+ 35. Rd1 Qxb2 36. c6 bxc6 37. Nc5 Qc3+ 0-1

[Event "33. Torneo Internacional La Roda "]
[Site "La Roda ESP"]
[Date "2006.04.15"]
[Round "6.12"]
[White "Marholev, Dimitar"]
[Black "Lorenzo Duran, Marcos"]
[Result "1/2-1/2"]
[WhiteElo "2419"]
[BlackElo "2190"]
[PlyCount "94"]
[EventDate "2006.04.12"]
[EventType "swiss"]
[EventRounds "9"]
[EventCountry "ESP"]
[Source "lmi"]
[SourceDate "2006.04.15"]

1. e4 e6 2. d4 d5 3. Nd2 Nf6 4. e5 Nfd7 5. Bd3 c5 6. c3 Nc6 7. Ne2 cxd4 8. cxd4
Nb6 9. O-O Bd7 10. f4 g6 11. Nf3 h5 12. Nc3 Be7 13. g3 Kf8 14. h3 Kg7 15. Kg2
Nb4 16. Bb1 a5 17. a3 Nc6 18. g4 hxg4 19. hxg4 a4 20. Bc2 Na5 21. Nxa4 Rc8 22.
Nc3 Nbc4 23. Ne2 Qc7 24. Bd3 Qb6 25. b4 Nc6 26. Bxc4 dxc4 27. Bb2 Na7 28. d5
Nb5 29. Rc1 Qe3 30. a4 c3 31. Ba1 exd5 32. axb5 Bxg4 33. Rxc3 Bh3+ 34. Kg3 Rxc3
35. Bxc3 Bxf1 36. Qxf1 Rc8 37. Bd2 Qd3 38. Qh3 Rc4 39. Qd7 Qxe2 40. Qxe7 Rd4
41. Qf6+ Kg8 42. e6 Rd3 43. Qxf7+ Kh8 44. Qf6+ Kh7 45. Qh4+ Kg7 46. Qe7+ Kh6
47. Qf8+ Kh7 1/2-1/2

[Event "33. Torneo Internacional La Roda "]
[Site "La Roda ESP"]
[Date "2006.04.15"]
[Round "6.13"]
[White "Baron Rodriguez, Jesus"]
[Black "Gonzalez Aguirre, Luis"]
[Result "1-0"]
[WhiteElo "2402"]
[BlackElo "2172"]
[PlyCount "69"]
[EventDate "2006.04.12"]
[EventType "swiss"]
[EventRounds "9"]
[EventCountry "ESP"]
[Source "lmi"]
[SourceDate "2006.04.15"]

1. e4 c6 2. Nc3 d5 3. Nf3 Bg4 4. h3 Bh5 5. exd5 cxd5 6. Bb5+ Nc6 7. g4 Bg6 8.
Ne5 Rc8 9. d4 e6 10. Qe2 Bb4 11. h4 Nge7 12. h5 Be4 13. f3 O-O 14. Nxc6 Nxc6
15. Be3 Qa5 16. O-O Bxc3 17. bxc3 Qxc3 18. fxe4 Nxd4 19. Bxd4 Qxd4+ 20. Kg2
dxe4 21. Rad1 Qe5 22. Bc4 f5 23. gxf5 Rxf5 24. Rxf5 Qxf5 25. Rf1 Qg5+ 26. Kh3
Qh6 27. Rf5 b5 28. Rxb5 Rxc4 29. Qxc4 Qe3+ 30. Kg2 Qf3+ 31. Kg1 Qg4+ 32. Kf1
Qd1+ 33. Kf2 Qd2+ 34. Qe2 Qf4+ 35. Kg2 1-0

[Event "33. Torneo Internacional La Roda "]
[Site "La Roda ESP"]
[Date "2006.04.15"]
[Round "6.14"]
[White "Garcia Castro, Pablo"]
[Black "Pomes Marcet, Juan"]
[Result "1/2-1/2"]
[WhiteElo "2309"]
[BlackElo "2396"]
[PlyCount "92"]
[EventDate "2006.04.12"]
[EventType "swiss"]
[EventRounds "9"]
[EventCountry "ESP"]
[Source "lmi"]
[SourceDate "2006.04.15"]

1. e4 e6 2. d3 d5 3. Nd2 c5 4. g3 Nc6 5. Bg2 dxe4 6. dxe4 b6 7. Ngf3 Ba6 8. c4
Nge7 9. O-O Qd7 10. b3 Ng6 11. Bb2 O-O-O 12. Re1 Qc7 13. e5 Be7 14. Qe2 Bb7 15.
h4 h5 16. Ne4 Rd7 17. Neg5 Rf8 18. Bh3 Kb8 19. Rad1 Rxd1 20. Rxd1 Bxg5 21. Nxg5
Ncxe5 22. f4 Ng4 23. Bxg7 Rg8 24. Bxg4 Rxg7 25. Bxh5 Nxf4 26. gxf4 f6 27. Bg4
fxg5 28. hxg5 Qxf4 29. Qxe6 Qg3+ 30. Kf1 Qg2+ 31. Ke1 Qg1+ 32. Kd2 Qh2+ 33. Kc3
a6 34. Rd2 Qc7 35. g6 Qg3+ 36. Rd3 Qc7 37. Bf5 b5 38. cxb5 axb5 39. Qd6 b4+ 40.
Kd2 Qxd6 41. Rxd6 Kc7 42. Rf6 Bd5 43. Be6 Kd6 44. Bxd5+ Kxd5 45. Ke3 Ke5 46.
Rc6 Kd5 1/2-1/2

[Event "33. Torneo Internacional La Roda "]
[Site "La Roda ESP"]
[Date "2006.04.15"]
[Round "6.15"]
[White "Pogorelov, Ruslan"]
[Black "Aymerich Rosell, Pablo"]
[Result "1-0"]
[WhiteElo "2385"]
[BlackElo "2137"]
[PlyCount "131"]
[EventDate "2006.04.12"]
[EventType "swiss"]
[EventRounds "9"]
[EventCountry "ESP"]
[Source "lmi"]
[SourceDate "2006.04.15"]

1. Nf3 d5 2. d4 Nf6 3. c4 c6 4. Nc3 dxc4 5. a4 Bf5 6. Ne5 Nbd7 7. Nxc4 Qc7 8.
g3 e5 9. dxe5 Nxe5 10. Bf4 Nfd7 11. Bg2 g5 12. Ne3 gxf4 13. Nxf5 O-O-O 14. Qc2
Nc5 15. O-O Ne6 16. Rfd1 Bb4 17. Qe4 a5 18. gxf4 Ng6 19. e3 Nc5 20. Qc2 Kb8 21.
Ne4 Nxe4 22. Bxe4 Ne7 23. Ng3 h5 24. Rxd8+ Qxd8 25. Rd1 Qg8 26. Kh1 h4 27. Ne2
Qg4 28. Rg1 Qh5 29. Rg5 Qh6 30. Qc4 f6 31. Rg1 Qh5 32. Nd4 Rd8 33. Qe6 Rxd4 34.
exd4 f5 35. Qe5+ Ka7 36. h3 Qe2 37. Bg2 Qxf2 38. Rf1 Qxb2 39. d5 Qxe5 40. fxe5
cxd5 41. Rd1 Bc3 42. Bxd5 Bxe5 43. Bxb7 Kxb7 44. Rd7+ Kb6 45. Rxe7 Bg3 46. Kg2
Kc5 47. Rb7 Kc4 48. Kf1 Bd6 49. Ke2 Bb4 50. Rf7 Kb3 51. Kd3 Kxa4 52. Kc4 Ka3
53. Rxf5 Kb2 54. Rf2+ Kc1 55. Kd3 Kb1 56. Rf4 Be7 57. Kc3 Bd8 58. Kb3 Kc1 59.
Re4 Bg5 60. Rg4 a4+ 61. Kxa4 Bf6 62. Rg6 Be5 63. Re6 Bd4 64. Kb3 Bf2 65. Rf6
Be3 66. Rf1+ 1-0

[Event "33. Torneo Internacional La Roda "]
[Site "La Roda ESP"]
[Date "2006.04.15"]
[Round "6.16"]
[White "Vitor, Antonio"]
[Black "Fernandez Barrera, Victor"]
[Result "1-0"]
[WhiteElo "2371"]
[BlackElo "2176"]
[PlyCount "233"]
[EventDate "2006.04.12"]
[EventType "swiss"]
[EventRounds "9"]
[EventCountry "ESP"]
[Source "lmi"]
[SourceDate "2006.04.15"]

1. b3 e5 2. Bb2 d6 3. e3 f5 4. d4 e4 5. d5 Nf6 6. Nh3 Be7 7. Nf4 O-O 8. a4 Ng4
9. h3 Bf6 10. Nc3 Ne5 11. a5 a6 12. Na4 Ng6 13. Bd4 Nxf4 14. exf4 Re8 15. Bc4
Nd7 16. Nc3 Bxd4 17. Qxd4 Qh4 18. g3 Qf6 19. Qxf6 Nxf6 20. Nd1 Bd7 21. Ne3 h5
22. Be2 Kf7 23. h4 g6 24. Kd2 Rec8 25. Rhd1 Ke7 26. Kc1 Be8 27. Kb2 Bf7 28. Ra4
Rab8 29. Rad4 Be8 30. Re1 Bf7 31. Ra1 Be8 32. Rd2 Ra8 33. Rd4 Rab8 34. Kc1 Bd7
35. Rd2 Be8 36. Kb1 Bd7 37. Kb2 Be8 38. Rd4 Bd7 39. Rad1 Be8 40. Re1 Bd7 41.
Nd1 Kf7 42. Nc3 Re8 43. Bd1 Rbd8 44. Re3 Kg7 45. Be2 Kf7 46. Nd1 Rb8 47. Kc1
Kg7 48. Rc3 Rec8 49. Ne3 Ne8 50. Kd2 Kf7 51. b4 Ke7 52. Ra3 Ra8 53. Ra1 Nf6 54.
Ke1 Be8 55. Ra3 Bd7 56. Rd1 Be8 57. Rb1 Ra7 58. Kd2 Rca8 59. Rba1 Bf7 60. c4
Kd7 61. Rd1 Ke7 62. Kc3 Nd7 63. Rd2 Nf6 64. Nc2 Ne8 65. Ne3 Kf6 66. Ra1 Ke7 67.
Rad1 Rc8 68. Ra1 Rca8 69. Nc2 Nf6 70. Kd4 Rd8 71. Ke3 Be8 72. Nd4 Bf7 73. Rb2
Rda8 74. Re1 Kd7 75. Rd1 Ke7 76. Nb3 Rd8 77. Rd4 Bg8 78. Rbd2 Bf7 79. Rd1 Bg8
80. Nd2 Bf7 81. Nb1 Raa8 82. Nc3 Be8 83. R4d2 Bf7 84. Ra1 Nd7 85. Rb2 Rdb8 86.
Bd1 Bg8 87. Rd2 Bf7 88. Rd4 Rd8 89. Ra2 Re8 90. Be2 Red8 91. Na4 Nf6 92. Rad2
Ra7 93. Nc3 Nd7 94. Bd1 Kf6 95. Rb2 Ke7 96. Ne2 Nf6 97. Ng1 Nd7 98. Nh3 Be8 99.
Ng5 Bf7 100. f3 exf3 101. Bxf3 Re8 102. Rdd2 Raa8 103. Kd4 Bg8 104. Re2+ Kf6
105. Rbc2 c5+ 106. dxc6 bxc6 107. Bxc6 Rxe2 108. Rxe2 Ra7 109. Re8 Bf7 110.
Bxd7 Bxe8 111. Bxe8 Re7 112. Bc6 Re1 113. Bf3 Rb1 114. b5 axb5 115. a6 Rb4 116.
a7 Rxc4+ 117. Kd3 1-0

[Event "33. Torneo Internacional La Roda "]
[Site "La Roda ESP"]
[Date "2006.04.15"]
[Round "6.17"]
[White "Bermejo Martinez, Jorge"]
[Black "Garcia Fernandez, Carlos"]
[Result "0-1"]
[WhiteElo "2216"]
[BlackElo "2359"]
[PlyCount "88"]
[EventDate "2006.04.12"]
[EventType "swiss"]
[EventRounds "9"]
[EventCountry "ESP"]
[Source "lmi"]
[SourceDate "2006.04.15"]

1. d4 Nf6 2. c4 c5 3. d5 b5 4. cxb5 a6 5. b6 e6 6. Nc3 Nxd5 7. Nxd5 exd5 8.
Qxd5 Nc6 9. e4 Be7 10. Bc4 O-O 11. Ne2 Qxb6 12. O-O d6 13. Qd1 Be6 14. Bd3 Bf6
15. Bc2 Nd4 16. Nc3 g6 17. Rb1 Bg7 18. Bf4 Rad8 19. Nd5 Bxd5 20. exd5 Qb7 21.
Be4 Rfe8 22. Bf3 h6 23. Be3 Nf5 24. Bd2 Rb8 25. b3 Nd4 26. g3 Nxf3+ 27. Qxf3
Re5 28. Bf4 Rxd5 29. Qe2 g5 30. Be3 Re5 31. Qd2 Re6 32. Rfd1 Qf3 33. Re1 Rbe8
34. Qd1 Qc6 35. Rc1 a5 36. Re2 a4 37. Rc4 axb3 38. axb3 Qb5 39. Ra2 Bd4 40. Bd2
Re2 41. Ra5 Bxf2+ 42. Kf1 Qb7 43. Qxe2 Qh1+ 44. Kxf2 Qxh2+ 0-1